000 00768nas a2200253 4500
001 BR0402056
003 BR-BrBNA
005 20231205104513.0
007 ta
008 230509b bl.|||p| |||| 00| 00por d
040 _aBR-BrBNA
_bpor
_cBiblioteca Nacional de Agricultura
041 _a(Pt)
072 _aP06
100 1 _aAnon.
245 1 _aNas ruas da Europa; a UE sai na frente com o biodiesel, que tem a simpatia dos consumidores
650 _aBIOCOMBUSTÍVEL
650 _aCONSUMO
650 _aESTATÍSTICA DE PRODUÇÃO
650 _aRECURSO ENERGÉTICO
650 _aÓLEO DIESEL
773 0 _tAgroanalysis (Brazil)
_xISSN 0100-4298
_g(Jan 2004), v. 23(10) p. 32-34
_wBR0402056
909 _a202311
_bLúcia
_c55
_dLúcia Elande
942 _2AGRIS
_n0
_cANA
999 _c178431
_d178431